书目信息 |
| 题名: |
建设工程造价管理
|
|
| 作者: | 杨莉琼 , 兰定筠 主编 | |
| 分册: | ||
| 出版信息: | 北京 中国计划出版社 2020.04 |
|
| 页数: | 268页 | |
| 开本: | 26cm | |
| 丛书名: | 2020年版全国一级造价工程师职业资格考试模拟试题与解析 | |
| 单 册: | ||
| 中图分类: | TU723.3-4 | |
| 科图分类: | ||
| 主题词: | 建筑造价管理--jian zhu zao jia guan li--资格考试--题解 | |
| 电子资源: | ||
| ISBN: | 978-7-5182-1161-6 | |
| 000 | 01094nam 2200253 450 | |
| 001 | 2037890700 | |
| 005 | 20201107103138.43 | |
| 010 | @a978-7-5182-1161-6@dCNY53.00 | |
| 100 | @a20200701d2020 em y0chiy50 ea | |
| 101 | 0 | @achi |
| 102 | @aCN@b110000 | |
| 105 | @ay q 000yy | |
| 200 | 1 | @a建设工程造价管理@Ajian she gong cheng zao jia guan li@f杨莉琼, 兰定筠主编 |
| 210 | @a北京@c中国计划出版社@d2020.04 | |
| 215 | @a268页@d26cm | |
| 225 | 2 | @a2020年版全国一级造价工程师职业资格考试模拟试题与解析@A2020 nian ban quan guo yi ji zao jia gong cheng shi zhi ye zi ge kao shi mo ni shi ti yu jie xi |
| 330 | @a本书是2020年版《全国一级造价工程师职业资格考试模拟试题与解析》丛书中的一种, 结合2019年版教材, 在2018年版的基础上进行了较大程度的修改。收录了十套模拟试题。 | |
| 410 | 0 | @12001 @a2020年版全国一级造价工程师职业资格考试模拟试题与解析 |
| 606 | 0 | @a建筑造价管理@Ajian zhu zao jia guan li@x资格考试@j题解 |
| 690 | @aTU723.3-4@v5 | |
| 701 | 0 | @a杨莉琼@Ayang li qiong@4主编 |
| 701 | 0 | @a兰定筠@Alan ding yun@4主编 |
| 801 | 0 | @aCN@b人天书店@c20200929 |
| 905 | @aZUCC@dTU723.3-4@eY225 | |
| 建设工程造价管理/杨莉琼, 兰定筠主编.-北京:中国计划出版社,2020.04 |
| 268页;26cm.-(2020年版全国一级造价工程师职业资格考试模拟试题与解析) |
| ISBN 978-7-5182-1161-6:CNY53.00 |
| 本书是2020年版《全国一级造价工程师职业资格考试模拟试题与解析》丛书中的一种, 结合2019年版教材, 在2018年版的基础上进行了较大程度的修改。收录了十套模拟试题。 |
| ● |
| 相关链接 |
|
|
|
正题名:建设工程造价管理
索取号:TU723.3-4/Y225
 
预约/预借
| 序号 | 登录号 | 条形码 | 馆藏地/架位号 | 状态 | 备注 |
| 1 | 1484962 | 214849627 | 建筑库201/201建筑库 105排5列6层/ [索取号:TU723.3-4/Y225] | 在馆 | |
| 2 | 1484963 | 214849636 | 建筑库201/201建筑库 105排5列6层/ [索取号:TU723.3-4/Y225] | 在馆 |